| 000 | 00000nam##2200000za#4500 |
| 001 | 9.632560 |
| 003 | CaOODSP |
| 005 | 20210624214855 |
| 007 | cr ||||||||||| |
| 008 | 150407|2006||||xxc|||||o f|0| 0 fre|d |
| 020 | |a0-662-71202-1 |
| 040 | |aCaOODSP|bfre |
| 043 | |an-cn--- |
| 086 | 1 |aHS28-44/2006F-PDF |
| 110 | 1 |aCanada.|bRessources humaines et Développement des compétences Canada. |bPolitique stratégique et planification. |
| 245 | 10|aÉvaluation formative du Programme canadien de prêts aux étudiants - rapport final |h[ressource électronique] |
| 260 | |aOttawa - Ontario : |bRessources humaines et Développement des compétences Canada. |c2006. |
| 590 | |a13-08-Supp|b2013-04-02 |
| 691 | 07|aPrêt étudiant|2gcpds |
| 775 | 08|tFormative evaluation of the Canada Student Loans Program - final report |w(CaOODSP)9.688127 |
| 856 | 40|ahttp://publications.gc.ca|qPDF|s622 Ko|uhttps://publications.gc.ca/collections/collection_2013/rhdcc-hrsdc/HS28-44-2006-fra.pdf |
| 986 | |aSP-AH-671-10-04F |